000 00831nam a2200241Ia 4500
003 OSt
005 20220923220950.0
006 a|||||r|||| 00| 0
007 ta
008 220922b |||||||| |||| 00| 0 hin d
024 _a192,919
037 _cTextual
040 _aARTS
_cARTS
_bhin
041 _2hin
_ahin
082 _aV2:1:K0, 152K71
100 _aआजाद, मुहम्मद हुसेन
_9159297
245 0 _aअकबरी दरबार, अनु रामचंद्र वर्मा
246 _aAkabarī darabāra, anu0 rāmachandra varmā
260 _c1967
490 _aसूर्यकुमारी पुस्तकमाला; 7,10,15
942 _hV2:1:K0, 152K71
_cTEXL
_2CC
999 _c345440
_d345440